[Event "Russian Championship HL 2015 Female"]
[Site "Kaliningrad"]
[Date "2015.06.22"]
[Round "1.13"]
[White "Gritsayeva, Oksana"]
[Black "Shaydullina, Sandugach"]
[Result "1-0"]
[WhiteElo "2321"]
[BlackElo "2124"]
[PlyCount "0"]
[EventDate "2015.06.22"]

1.e4 c5 2.Nf3 g6 3.d4 cxd4 4.Nxd4 Bg7 5.c4 Nc6 6.Be3 Nf6 7.Nc3
d6 8.Be2 O-O 9.O-O Bd7 10.Nc2 Qa5 11.Rb1 Rfc8 12.f4 Qd8 13.h3
Be8 14.Qd2 a6 15.Rfd1 Nd7 16.Nd5 e6 17.Nc3 Na5 18.Na3 Nb6 19.b3
Bf8 20.Nc2 Nd7 21.Nd4 Nc6 22.Nf3 Qa5 23.Rbc1 Rab8 24.Ng5 Bg7
25.f5 exf5 26.exf5 gxf5 27.Rf1 h6 28.Nf3 Ne7 29.Bxh6 Qc5+ 30.Kh1
Ng6 31.Bxg7 Kxg7 32.Nd4 f4 33.Ne4 Qe5 34.Nxd6 Nc5 35.b4 Ne4 36.Nxe4
Qxe4 37.Qc3 Kh7 38.Bd3 Qe5 39.Rce1 Qf6 40.Bxg6+ fxg6 41.Re4 g5
42.Re6 Qg7 43.Rfe1 Bf7 44.Qd3+ Kh8 45.Nf5 Rd8 46.Rd6 Qf8 47.Qc3+
Kh7 48.Qf6 Rxd6 49.Nxd6 Bg6 50.Re7+ Kh6 51.Nf7+ Qxf7 52.Rxf7
Rg8 53.h4 1-0

[Event "Russian Championship HL 2015 Female"]
[Site "Kaliningrad"]
[Date "2015.06.22"]
[Round "1.14"]
[White "Baraeva, Irina"]
[Black "Ovod, Evgenija"]
[Result "0-1"]
[WhiteElo "2122"]
[BlackElo "2313"]
[PlyCount "0"]
[EventDate "2015.06.22"]

1.d4 g6 2.c4 Bg7 3.Nf3 c5 4.d5 f5 5.g3 e5 6.e4 d6 7.Nc3 Nf6 8.Bg2
Na6 9.O-O Nc7 10.Nd2 O-O 11.f4 exf4 12.Rxf4 Nh5 13.Rf1 f4 14.g4
Bd4+ 15.Kh1 Nf6 16.Bf3 Nd7 17.Ne2 Be3 18.b3 Ne5 19.h3 h5 20.Nb1
Qh4 21.Bg2 Bxc1 22.Qxc1 f3 0-1

[Event "Russian Championship HL 2015 Female"]
[Site "Kaliningrad"]
[Date "2015.06.22"]
[Round "1.15"]
[White "Makarenko, Alexandra"]
[Black "Korchenkova, Irina"]
[Result "0-1"]
[WhiteElo "2262"]
[BlackElo "2111"]
[PlyCount "0"]
[EventDate "2015.06.22"]

1.e4 c5 2.Nf3 e6 3.d4 cxd4 4.Nxd4 a6 5.Bd3 Qc7 6.O-O Nf6 7.Qe2
d6 8.f4 Nc6 9.Nxc6 bxc6 10.b3 e5 11.Bb2 Be7 12.fxe5 dxe5 13.Nd2
O-O 14.Kh1 a5 15.Nc4 Nd7 16.Qh5 f6 17.Rf3 Nc5 18.Nxe5 fxe5 19.Bxe5
Qd8 20.Rg3 Rf7 21.Rf1 Rxf1+ 22.Bxf1 Bf8 23.Bc4+ Be6 24.Rh3 h6
25.Bxe6+ Nxe6 26.Qg4 Ng5 27.Rd3 Qe8 28.Qf4 Qe6 29.h4 Nf7 30.Bc7
a4 31.c4 axb3 32.axb3 Ra1+ 33.Kh2 Bc5 34.h5 Re1 35.e5 Nxe5 36.Rd8+
Kh7 37.Rd2 Bg1+ 38.Kg3 Re3+ 39.Kh4 Qe7+ 0-1

[Event "Russian Championship HL 2015 Female"]
[Site "Kaliningrad"]
[Date "2015.06.22"]
[Round "1.16"]
[White "Protopopova, Anastasiya"]
[Black "Balaian, Alina"]
[Result "1-0"]
[WhiteElo "2100"]
[BlackElo "2261"]
[PlyCount "0"]
[EventDate "2015.06.22"]

1.Nf3 Nf6 2.c4 g6 3.Nc3 d5 4.Qa4+ Bd7 5.Qb3 dxc4 6.Qxc4 a6 7.d4
b5 8.Qd3 Bg7 9.g3 b4 10.Ne4 Nxe4 11.Qxe4 Bc6 12.Qd3 e5 13.Qe3
O-O 14.dxe5 Re8 15.Bg2 Bxe5 16.Qb3 Qe7 17.O-O Bf6 18.Be3 a5 19.Rac1
a4 20.Qc2 Be4 21.Qd2 Na6 22.Bd4 Rad8 23.Bxf6 Qxf6 24.Qh6 Bd5
25.Ng5 Qg7 26.Qh3 Bxg2 27.Kxg2 h6 28.Nf3 Rxe2 29.Rc6 Rxb2 30.Rxa6
Rxa2 31.Qh4 Rb8 32.Qc4 Ra3 33.Qxc7 Qf8 34.Ne5 Re8 35.Nd7 Rc8
36.Qe5 Qg7 37.Nf6+ Kh8 38.Re1 Rac3 39.Qe8+ Qf8 40.Qxa4 Ra3 41.Qb5
Rxa6 42.Qxa6 Qc5 43.Qa1 Qc3 44.Qxc3 bxc3 45.Rc1 h5 46.Nd5 Kg7
47.Rxc3 Rd8 48.Ne3 Rd7 49.h4 Kf6 50.Rc5 Ra7 51.Nd5+ Kg7 52.Rc7
Ra5 53.Nf4 Kf6 54.Nh3 Rf5 55.Ng5 Kg7 56.Ne6+ Kf6 57.Nf4 Ra5 58.Rd7
Ra3 59.Rd5 Ra7 60.Nxh5+ gxh5 61.Rxh5 Kg6 62.Rg5+ Kh6 63.Kh3 Ra4
64.f4 f6 65.Rd5 Ra3 66.Kg4 Kg6 67.h5+ Kh6 68.Rd6 Kg7 69.h6+ Kg6
70.f5+ Kf7 71.Rd7+ Kg8 72.Rg7+ Kh8 73.Rf7 Ra6 74.Kh5 Rb6 75.Kg6
Rb8 76.Kxf6 Rg8 77.Re7 Rxg3 78.Kf7 Kh7 79.Re6 Rf3 80.f6 Ra3 81.Kf8
Ra8+ 82.Re8 Ra6 83.f7 Ra7 84.Rd8 Kg6 85.Rd6+ Kh7 86.Ke8 Ra8+
87.Rd8 Ra6 88.f8Q Re6+ 89.Kd7 Rd6+ 90.Kxd6 1-0

[Event "Russian Championship HL 2015 Female"]
[Site "Kaliningrad"]
[Date "2015.06.22"]
[Round "1.17"]
[White "Mirzoeva, Elmira"]
[Black "Petrochenko, Maria"]
[Result "1-0"]
[WhiteElo "2233"]
[BlackElo "2083"]
[PlyCount "0"]
[EventDate "2015.06.22"]

1.d4 d5 2.c4 c6 3.Nf3 Nf6 4.Nc3 dxc4 5.a4 e6 6.e4 Bb4 7.Bxc4
Nxe4 8.O-O Nf6 9.Qe2 O-O 10.Rd1 Nbd7 11.Ne5 Nd5 12.Ne4 f6 13.Nd3
Be7 14.a5 Re8 15.Bd2 Bf8 16.Qh5 Qe7 17.Re1 Qf7 18.Qf3 b6 19.Nc3
b5 20.Nxb5 cxb5 21.Bxd5 Rb8 22.Bc6 Bd6 23.b4 Re7 24.Bf4 Bxf4
25.Qxf4 Qf8 26.Qc7 a6 27.Nc5 Qe8 28.Qxb8 Nxb8 29.Bxe8 Rxe8 30.d5
Kf7 31.dxe6+ Bxe6 32.Rad1 Bc4 33.Rxe8 Kxe8 34.Rd6 Ke7 35.Rb6
Nd7 36.Nxd7 Kxd7 37.Rxa6 1-0

[Event "Russian Championship HL 2015 Female"]
[Site "Kaliningrad"]
[Date "2015.06.22"]
[Round "1.18"]
[White "Ustich, Ekaterina"]
[Black "Rodionova, Daria"]
[Result "1/2-1/2"]
[WhiteElo "2009"]
[BlackElo "2223"]
[PlyCount "0"]
[EventDate "2015.06.22"]

1.e4 c5 2.Nf3 Nc6 3.d4 cxd4 4.Nxd4 e6 5.Nb5 Nf6 6.N1c3 a6 7.Nd6+
Bxd6 8.Qxd6 Qe7 9.Qg3 O-O 10.Bg5 Re8 11.e5 Nh5 12.Qh4 f6 13.exf6
Nxf6 14.O-O-O Ne5 15.Qg3 Nf7 16.h4 b5 17.Qf3 d5 18.Bd3 Ne5 19.Bxf6
Qxf6 20.Qxf6 gxf6 21.Rhe1 Bb7 22.Bf1 b4 23.Ne2 Ng4 24.Rd4 Nxf2
25.Rxb4 Re7 26.Nc3 f5 27.Rxb7 Rxb7 28.Rxe6 Kf7 29.Re5 Kf6 30.Rxd5
a5 31.Bc4 Re7 32.b3 Ne4 33.Na4 Rg7 34.Nb6 Raa7 35.Nc8 Ra8 36.Nb6
Raa7 37.Nc8 Ra8 38.Nb6 1/2-1/2

[Event "Russian Championship HL 2015 Female"]
[Site "Kaliningrad"]
[Date "2015.06.23"]
[Round "2.13"]
[White "Avdeenko, Tatiana"]
[Black "Vasilevich, Tatjana"]
[Result "0-1"]
[WhiteElo "2158"]
[BlackElo "2397"]
[PlyCount "0"]
[EventDate "2015.06.22"]

1.e4 c5 2.Nc3 e6 3.Nf3 a6 4.d4 cxd4 5.Nxd4 Qc7 6.g3 h5 7.Bg2
h4 8.O-O Nc6 9.Re1 hxg3 10.hxg3 d6 11.Be3 Ne5 12.Qe2 Nf6 13.Bg5
Bd7 14.a4 Rc8 15.Ra3 Nc4 16.Rb3 Qc5 17.Nf5 Na5 18.Ra3 Nc4 19.Rb3
Nh7 20.Be3 Nxe3 21.Nxe3 Rb8 22.Bh3 Nf6 23.Kg2 g6 24.a5 Bc6 25.f3
Qxa5 26.Ng4 Nd7 27.Nf2 Be7 28.Rd1 Kf8 29.Ra3 Qc5 30.Raa1 Ne5
31.f4 Nc4 32.Nd3 Qe3 33.Re1 Qxe2+ 34.Rxe2 Bf6 35.Nd1 Kg7 36.Bg4
Rh7 37.c3 Rbh8 38.N1f2 Rh2+ 39.Kg1 d5 40.e5 Bd8 41.Bf3 Bb6 42.Rae1
Bb5 43.Bg2 Na5 44.Rd2 Nb3 45.Rdd1 a5 46.Nc1 Nc5 47.Rd4 Ne4 48.Ne2
Nxf2 49.Kxf2 Bxe2 50.Rxe2 Bxd4+ 51.cxd4 Rc8 52.g4 Rc4 53.Rd2
Rh8 54.Ke3 Rhc8 55.Kd3 Rb4 56.f5 Kh6 57.fxe6 fxe6 58.Ke3 Kg5
59.Bf3 Rb3+ 60.Ke2 Rf8 0-1

[Event "Russian Championship HL 2015 Female"]
[Site "Kaliningrad"]
[Date "2015.06.23"]
[Round "2.14"]
[White "Tomilova, Elena"]
[Black "Khokhlova, Daria"]
[Result "1-0"]
[WhiteElo "2329"]
[BlackElo "2160"]
[PlyCount "0"]
[EventDate "2015.06.22"]

1.e4 c5 2.Nf3 d6 3.c3 Nf6 4.h3 g6 5.Bd3 Bg7 6.O-O O-O 7.Bc2 Nc6
8.d4 cxd4 9.cxd4 Bd7 10.Nc3 Rc8 11.Re1 Ne8 12.Bg5 Nc7 13.Bh4
Nb4 14.Bb3 Nb5 15.e5 dxe5 16.Nxe5 Bxe5 17.dxe5 Nxc3 18.bxc3 Nc6
19.Qd2 Be6 20.Qh6 Bxb3 21.axb3 f5 22.Bg5 Qc7 23.e6 f4 24.Ra4
Rf5 25.Rxf4 Rxf4 26.Bxf4 Qa5 27.Bd2 Qf5 28.c4 Qf6 29.Qe3 Qd4
30.Bc3 Qxe3 31.Rxe3 Nd8 32.Bb4 Rc6 33.Bxe7 Nxe6 34.Ba3 Kf7 35.g3
Rc7 36.h4 Nd4 37.Bb2 Nf5 38.Rd3 h5 39.Kg2 Ke7 40.Kf3 b6 41.Kf4
Kf7 42.Kg5 a5 43.Be5 Rc5 44.Rd5 Rc6 45.Rd7+ Ke6 46.Rc7 Rc5 47.Rxc5
bxc5 48.Bc3 Kf7 49.Bxa5 Nd4 50.Bc3 Nxb3 51.Kf4 Ke6 52.Ke4 Nc1
53.Ke3 Kf5 54.f3 Na2 55.Bd2 Ke6 56.Kd3 Ke5 57.Bc3+ Kf5 58.Kc2
Nxc3 59.Kxc3 Ke5 60.Kd3 Kf5 61.Ke3 Ke5 62.g4 Ke6 63.Ke4 Kf6 64.g5+
Ke6 65.f4 1-0

[Event "Russian Championship HL 2015 Female"]
[Site "Kaliningrad"]
[Date "2015.06.23"]
[Round "2.15"]
[White "Chkhan, Viktoria"]
[Black "Makarenko, Alexandra"]
[Result "1-0"]
[WhiteElo "2148"]
[BlackElo "2262"]
[PlyCount "0"]
[EventDate "2015.06.22"]

1.d4 Nf6 2.c4 c5 3.d5 g6 4.Nc3 d6 5.e4 Bg7 6.Bd3 O-O 7.f4 e6
8.Nf3 exd5 9.cxd5 b5 10.O-O c4 11.Bc2 b4 12.Na4 Re8 13.Re1 Bg4
14.h3 Bxf3 15.Qxf3 Nbd7 16.Be3 Qa5 17.Bd4 Nxd5 18.Bxg7 Kxg7 19.Red1
N5b6 20.Rxd6 Rad8 21.Qd1 Nxa4 22.Bxa4 Nf6 23.e5 Ne4 24.Qd4 Ng3
25.e6+ Kh6 26.Qe5 Ne2+ 27.Kh2 Qxa4 28.Qg5+ Kg7 29.Rxd8 Rxe6 30.f5
Rf6 31.fxg6 Qc6 32.gxh7+ Kxh7 33.Qh5+ Kg7 34.Qh8+ Kg6 35.Rg8+
Kf5 36.Qh5+ 1-0

[Event "Russian Championship HL 2015 Female"]
[Site "Kaliningrad"]
[Date "2015.06.23"]
[Round "2.16"]
[White "Balaian, Alina"]
[Black "Alekseeva, Irina"]
[Result "1-0"]
[WhiteElo "2261"]
[BlackElo "2154"]
[PlyCount "0"]
[EventDate "2015.06.22"]

1.e4 c5 2.Nf3 d6 3.c3 Nf6 4.Bd3 Nc6 5.Bc2 Bg4 6.d3 e6 7.Nbd2
Qc7 8.Nf1 d5 9.Ne3 Bh5 10.exd5 exd5 11.O-O O-O-O 12.d4 Bd6 13.dxc5
Bxh2+ 14.Kh1 Ne5 15.Bf5+ Kb8 16.g4 Nexg4 17.Qa4 Nxe3 18.Nxh2
Nc4 19.b3 Qe5 20.Bh3 Qxc3 21.Bg2 Ka8 22.bxc4 Qxa1 23.Be3 Qxf1+
24.Nxf1 d4 25.Bxb7+ 1-0

[Event "Russian Championship HL 2015 Female"]
[Site "Kaliningrad"]
[Date "2015.06.23"]
[Round "2.17"]
[White "Diakonova, Ekaterina"]
[Black "Shaydullina, Sandugach"]
[Result "1/2-1/2"]
[WhiteElo "2214"]
[BlackElo "2124"]
[PlyCount "0"]
[EventDate "2015.06.22"]

1.e4 e5 2.Nf3 Nc6 3.Bb5 a6 4.Ba4 Nf6 5.O-O Be7 6.Re1 b5 7.Bb3
d6 8.c3 O-O 9.h3 Nb8 10.d3 Nbd7 11.Nbd2 Bb7 12.Nf1 Nc5 13.Bc2
Re8 14.Ng3 g6 15.d4 Ncd7 16.Bg5 Bf8 17.Qd2 Bg7 18.Rad1 c5 19.dxc5
dxc5 20.b4 Qc7 21.a3 Rac8 22.Bb3 a5 23.Bh6 c4 24.Bc2 Bh8 25.Nf5
Nf8 26.Qg5 Ne6 27.Qg3 Nh5 28.Qh4 Bf6 29.Qg4 Rcd8 30.Ng5 Bc8 31.Nxe6
Bxe6 32.Qf3 Nf4 33.Bxf4 exf4 34.Nd4 Bd7 35.Rd2 axb4 36.axb4 Ra8
37.Red1 Be5 38.Nf5 Bc6 39.Nd4 Ra3 40.g3 f5 41.Ne2 fxg3 42.fxg3
Qb7 43.Rf1 Ra2 44.Qe3 Bb8 45.Nd4 Ba7 46.e5 Qc7 47.Re1 Bd7 48.Rde2
Ra3 49.Kh2 Qb7 50.Qd2 Bxd4 51.Qxd4 Be6 52.Bd1 Raa8 53.Rd2 Rad8
54.Qe3 Rxd2+ 55.Qxd2 Qd5 56.Qxd5 Bxd5 57.Kg1 Kf7 58.Kf2 Ke6 59.Bf3
Bxf3 60.Kxf3 Rd8 61.Kf4 h6 62.h4 Rd3 63.Ra1 g5+ 64.hxg5 hxg5+
65.Kxg5 Rxg3+ 66.Kf4 Rg4+ 67.Kf3 Re4 68.Ra6+ Ke7 69.Rb6 Rxe5
70.Kf4 Rd5 71.Ra6 Kf7 72.Rb6 Ke7 73.Ra6 Rd3 74.Rb6 Rxc3 75.Kxf5
Rh3 76.Kg4 Rb3 77.Rxb5 c3 78.Kf4 Kd6 79.Ke3 c2+ 80.Kd2 Rc3 81.Kc1
Rc4 82.Rc5 1/2-1/2

[Event "Russian Championship HL 2015 Female"]
[Site "Kaliningrad"]
[Date "2015.06.23"]
[Round "2.18"]
[White "Zherebtsova, Alexandra"]
[Black "Baraeva, Irina"]
[Result "0-1"]
[WhiteElo "2213"]
[BlackElo "2122"]
[PlyCount "0"]
[EventDate "2015.06.22"]

1.d4 d5 2.Nf3 Nf6 3.c4 c6 4.e3 Bg4 5.Nbd2 e6 6.Bd3 Be7 7.b3 Nbd7
8.Bb2 O-O 9.Qc2 Bh5 10.Ne5 Rc8 11.O-O Kh8 12.f4 Nxe5 13.fxe5
Ng4 14.Rfe1 Bh4 15.Re2 f6 16.Ba3 Rf7 17.Rf1 fxe5 18.Rxf7 Bxf7
19.dxe5 Nxe5 20.Bxh7 Bh5 21.g4 Bxg4 22.Rg2 Bh3 23.Bb2 Bxg2 24.Bxe5
Qg5 25.Bf4 Qg4 0-1

[Event "Russian Championship HL 2015 Female"]
[Site "Kaliningrad"]
[Date "2015.06.23"]
[Round "2.19"]
[White "Petrochenko, Maria"]
[Black "Drogovoz, Irina"]
[Result "0-1"]
[WhiteElo "2083"]
[BlackElo "2187"]
[PlyCount "0"]
[EventDate "2015.06.22"]

1.d4 d5 2.c4 e6 3.Nf3 Nf6 4.g3 Bb4+ 5.Bd2 Bd6 6.Nc3 c5 7.cxd5
exd5 8.Bg5 Be6 9.Bg2 Nbd7 10.O-O h6 11.dxc5 Bxc5 12.Bf4 O-O 13.Nd4
Nb6 14.Rc1 Rc8 15.b3 Re8 16.Qd3 Bg4 17.Bf3 Bxf3 18.exf3 Nfd7
19.Kg2 Ne5 20.Qd1 Nc6 21.Ncb5 Nxd4 22.Nxd4 Nd7 23.Nb5 Ne5 24.b4
Bxb4 25.Rxc8 Qxc8 26.Qxd5 Nc6 27.Qc4 Qe6 28.Rc1 Qxc4 29.Rxc4
a5 30.a3 Bf8 31.a4 Re2 32.Re4 Rxe4 33.fxe4 Bb4 34.Nd6 Bxd6 35.Bxd6
Nd4 36.Bc7 Nb3 37.Kf3 Kf8 38.Bd6+ Ke8 39.Ke3 Kd7 40.Bf8 g6 41.Kd3
Kc6 42.Kc4 Nd2+ 43.Kd3 Nf3 44.Kc3 Nxh2 45.f4 h5 46.Be7 b5 47.Kb3
Nf1 48.Bd8 Nd2+ 49.Kc2 Nxe4 50.Bxa5 bxa4 51.Be1 Kd5 0-1

[Event "Russian Championship HL 2015 Female"]
[Site "Kaliningrad"]
[Date "2015.06.24"]
[Round "3.7"]
[White "Drogovoz, Irina"]
[Black "Charochkina, Daria"]
[Result "1-0"]
[LiveChessVersion "1.4.4"]
[BlackElo "2398"]
[WhiteElo "2187"]

1. c4 {[%clk 1:30:57]} Nf6 {[%clk 1:28:08]} 2. d4 {[%clk 1:27:09]} c6
{[%clk 1:28:22]} 3. Nf3 {[%clk 1:25:33]} d5 {[%clk 1:28:43]} 4. g3
{[%clk 1:25:25]} dxc4 {[%clk 1:28:24]} 5. Bg2 {[%clk 1:21:36]} g6
{[%clk 1:22:42]} 6. O-O {[%clk 1:14:52]} Bg7 {[%clk 1:23:08]} 7. a4
{[%clk 1:06:52]} Be6 {[%clk 0:58:33]} 8. Ng5 {[%clk 0:50:08]} Qd7
{[%clk 0:44:35]} 9. Na3 {[%clk 0:46:29]} Na6 {[%clk 0:44:48]} 10. Nxe6
{[%clk 0:34:14]} Qxe6 {[%clk 0:45:13]} 11. Qc2 {[%clk 0:33:59]} Nb4
{[%clk 0:45:02]} 12. Qc3 {[%clk 0:34:08]} a5 {[%clk 0:44:25]} 13. e3
{[%clk 0:33:11]} O-O {[%clk 0:28:50]} 14. Qxc4 {[%clk 0:32:04]} Qd7
{[%clk 0:28:40]} 15. Qb3 {[%clk 0:28:02]} c5 {[%clk 0:08:17]} 16. Rd1
{[%clk 0:20:38]} Rfd8 {[%clk 0:07:34]} 17. Bd2 {[%clk 0:18:56]} Qf5
{[%clk 0:06:38]} 18. Nb5 {[%clk 0:11:36]} Ne4 {[%clk 0:05:49]} 19. Be1
{[%clk 0:09:35]} Nd6 {[%clk 0:04:57]} 20. Nxd6 {[%clk 0:08:12]} exd6
{[%clk 0:05:21]} 21. Bxb4 {[%clk 0:07:36]} axb4 {[%clk 0:03:38]} 22. Bxb7
{[%clk 0:07:41]} Rab8 {[%clk 0:03:54]} 23. Bd5 {[%clk 0:07:17]} cxd4
{[%clk 0:02:21]} 24. e4 {[%clk 0:01:38]} Qd7 {[%clk 0:02:03]} 25. a5
{[%clk 0:01:02]} Qa7 {[%clk 0:02:04]} 26. Ra4 {[%clk 0:00:58]} Qc5
{[%clk 0:00:39]} 27. a6 {[%clk 0:00:35]} Rd7 {[%clk 0:01:07]} 28. Bb7
{[%clk 0:00:37]} Rbxb7 {[%clk 0:01:00]} 29. axb7 {[%clk 0:01:02]} Rxb7
{[%clk 0:01:29]} 30. Ra8+ {[%clk 0:01:18]} Bf8 {[%clk 0:01:58]} 31. Qd5
{[%clk 0:01:18]} Qc2 {[%clk 0:01:25]} 32. Qxd4 {[%clk 0:01:19]} Rb6
{[%clk 0:00:53]} 33. Qxb6 {[%clk 0:00:54]} Qxd1+ {[%clk 0:01:20]} 34. Kg2
{[%clk 0:01:20]} Qc2 {[%clk 0:00:34]} 35. Qxb4 {[%clk 0:01:24]} Qc6
{[%clk 0:00:57]} 36. Rd8 {[%clk 0:01:27]} f5 {[%clk 0:01:02]} 37. Kf3
{[%clk 0:00:39]} Kf7 {[%clk 0:01:09]} 38. Rb8 {[%clk 0:00:35]} Be7
{[%clk 0:00:58]} 39. Rb7 {[%clk 0:00:36]} Qc1 {[%clk 0:00:36]} 40. Qb3+
{[%clk 0:30:49]} Kf8 {[%clk 0:30:42]} 41. Rb8+ {[%clk 0:30:44]} Kg7
{[%clk 0:31:06]} 42. Qc3+ {[%clk 0:31:09]} Qd2 1-0

[Event "Russian Championship HL 2015 Female"]
[Site "Kaliningrad"]
[Date "2015.06.24"]
[Round "3.13"]
[White "Styazhkina, Anna"]
[Black "Chkhan, Viktoria"]
[Result "1-0"]
[WhiteElo "2214"]
[BlackElo "2148"]
[PlyCount "0"]
[EventDate "2015.06.22"]

1.e4 e6 2.d4 d5 3.Nd2 c5 4.exd5 Qxd5 5.dxc5 Bxc5 6.Ngf3 Nf6 7.Bc4
Qc6 8.O-O Nbd7 9.Qe2 O-O 10.a3 a5 11.Rd1 b6 12.Nb3 Bb7 13.Bf4
Qe4 14.Qxe4 Bxe4 15.Nxc5 Nxc5 16.Nd4 Rac8 17.f3 Bd5 18.Bb5 Bb7
19.Bd6 Rfd8 20.Be7 Rd7 21.Bxf6 gxf6 22.Bxd7 Nxd7 23.Nxe6 1-0

[Event "Russian Championship HL 2015 Female"]
[Site "Kaliningrad"]
[Date "2015.06.24"]
[Round "3.14"]
[White "Belenkaya, Dina"]
[Black "Mukhtarova, Viktoriya"]
[Result "1-0"]
[WhiteElo "2213"]
[BlackElo "1835"]
[PlyCount "0"]
[EventDate "2015.06.22"]

1.e4 c5 2.Nf3 Nc6 3.Bb5 g6 4.O-O Bg7 5.Re1 e5 6.c3 Qe7 7.d4 cxd4
8.cxd4 exd4 9.Na3 Qb4 10.Bd2 Qe7 11.Nc4 a6 12.Bxc6 dxc6 13.Nb6
Bg4 14.Nxa8 Qd8 15.h3 Bxf3 16.Qxf3 Qxa8 17.Bb4 Qd8 18.e5 Ne7
19.Qa3 Bf8 20.Rad1 Qd7 21.Re4 Nf5 22.Bxf8 Rxf8 23.g4 Qd5 24.Rde1
d3 25.gxf5 d2 26.f6 dxe1Q+ 27.Rxe1 c5 28.Qa4+ Qd7 29.Qb3 b5 30.Rd1
c4 31.Qf3 Qc8 32.Qd5 Rh8 33.Qd6 1-0

[Event "Russian Championship HL 2015 Female"]
[Site "Kaliningrad"]
[Date "2015.06.24"]
[Round "3.15"]
[White "Shaydullina, Sandugach"]
[Black "Korchenkova, Irina"]
[Result "0-1"]
[WhiteElo "2124"]
[BlackElo "2111"]
[PlyCount "0"]
[EventDate "2015.06.22"]

1.d4 Nf6 2.c4 e6 3.Nf3 b6 4.g3 Bb7 5.Bg2 Be7 6.Nc3 O-O 7.Qc2
c5 8.d5 exd5 9.Ng5 h6 10.Nxd5 Bxd5 11.Bxd5 Nc6 12.h4 Nb4 13.Qb1
Nbxd5 14.cxd5 Bd6 15.Ne4 Be5 16.f4 Bd4 17.e3 Re8 18.Nxf6+ Qxf6
19.Kf2 c4 20.Rd1 Bc5 21.Qc2 Rac8 22.a4 d6 23.Bd2 Qe7 24.Re1 Qb7
25.b4 cxb3 26.Qxb3 Re4 27.a5 Rce8 28.axb6 axb6 29.Qd3 b5 30.Kf3
f5 31.Rab1 b4 32.Rb3 Qf7 33.Kf2 Ra8 34.Reb1 Qf6 35.Qc2 Rae8 36.Rh1
Qf7 37.Rd3 Ra8 38.Bc1 Ra1 39.Re1 Qa7 40.Re2 Qa6 41.Bb2 Ra2 42.Rb3
Qa8 43.Qd3 Qe8 44.Qb1 Ra7 45.Bc1 Qh5 46.Ra2 Rxa2+ 47.Qxa2 Qd1
48.Bd2 Qh1 49.Qa8+ Kh7 50.Qc8 Qh2+ 51.Kf3 Qh3 52.Kf2 Re7 53.Rd3
Ra7 54.Be1 Ra2+ 55.Rd2 Ra3 56.Re2 Qh2+ 57.Kf3 Qh1+ 58.Kf2 Qxd5
59.g4 fxg4 60.Qxg4 Qe4 61.Bd2 d5 62.Qf3 Qf5 63.Bc1 Rd3 64.Ke1
Bd4 65.Rg2 Bc3+ 66.Ke2 b3 67.Rg5 Qe4 68.Qxe4+ dxe4 69.Rb5 b2
70.Rxb2 Bxb2 71.Bxb2 g6 72.Bd4 h5 73.Kf2 Rd1 74.Ke2 Rh1 75.Bf6
Rh2+ 76.Kd1 Kg8 77.Ke1 Kf7 78.Bd8 Ke6 79.Kf1 Kf5 80.Kg1 Re2 81.Bb6
Kg4 82.Bd4 Kxh4 83.Kf1 Rc2 84.Be5 Kg4 85.Kg1 h4 86.Bd6 h3 87.Kh1
h2 88.f5 Kh3 89.Ba3 Rg2 0-1

[Event "Russian Championship HL 2015 Female"]
[Site "Kaliningrad"]
[Date "2015.06.24"]
[Round "3.16"]
[White "Ustich, Ekaterina"]
[Black "Diakonova, Ekaterina"]
[Result "1/2-1/2"]
[WhiteElo "2009"]
[BlackElo "2214"]
[PlyCount "0"]
[EventDate "2015.06.22"]

1.e4 e5 2.Nf3 Nc6 3.Bb5 a6 4.Bxc6 dxc6 5.O-O f6 6.d4 Bg4 7.dxe5
Qxd1 8.Rxd1 fxe5 9.Nbd2 O-O-O 10.Re1 Bd6 11.h3 Bh5 12.Nh4 Bf7
13.Ndf3 Nf6 14.Ng5 Rhf8 15.Nf5 g6 16.Nh6 Bg8 17.Be3 Rd7 18.a3
a5 19.Rad1 a4 20.Nxg8 Rxg8 21.Bc1 h6 22.Nf3 g5 23.Nh2 h5 24.Nf1
h4 25.f3 Nh5 26.Be3 Nf4 27.Nh2 Rgd8 28.Ng4 Bc5 29.Rxd7 Bxe3+
30.Nxe3 Rxd7 31.Rd1 b5 32.Rxd7 Kxd7 33.Kf2 Nh5 34.Nf5 c5 35.Nh6
Ke6 36.Ng4 c4 37.Ne3 Kd6 38.Nd5 c6 39.Ne3 Kc5 40.Ke2 b4 41.Kd2
Nf4 42.c3 b3 43.Kc1 Nd3+ 44.Kb1 Ne1 45.Kc1 Kb5 46.Kb1 Nd3 47.Ng4
Ka6 48.Ne3 Ne1 49.Kc1 Kb5 50.Kb1 Nd3 51.Ng4 Kc5 52.Ne3 Nf4 53.Kc1
Ne2+ 54.Kb1 Nf4 55.Kc1 Kb5 56.Kb1 Ka6 57.Kc1 Kb7 58.Kd2 Kc7 59.Kc1
Kd8 60.Kd2 Ke7 61.Kd1 Kf6 62.Kd2 Ke6 63.Kd1 Kf6 64.Kd2 Ke6 65.Kd1
Kf6 66.Kd2 Ke6 67.Kc1 Nd3+ 68.Kb1 Nf4 69.Kc1 Nd3+ 70.Kb1 Nf4 1/2-1/2

[Event "Russian Championship HL 2015 Female"]
[Site "Kaliningrad"]
[Date "2015.06.24"]
[Round "3.17"]
[White "Makarenko, Alexandra"]
[Black "Avdeenko, Tatiana"]
[Result "1/2-1/2"]
[WhiteElo "2262"]
[BlackElo "2158"]
[PlyCount "0"]
[EventDate "2015.06.22"]

1.e4 d6 2.d4 Nf6 3.Nc3 e5 4.Nf3 Nbd7 5.Bc4 Be7 6.O-O O-O 7.a4
c6 8.Qe2 exd4 9.Nxd4 Re8 10.f3 d5 11.exd5 Bc5 12.Qf2 Nb6 13.Bb3
Nbxd5 14.Nxd5 Nxd5 15.c3 a5 16.Kh1 Qd6 17.Bg5 h6 18.Bh4 Bd7 19.Bg3
Qf6 20.Bh4 Qd6 21.Bg3 Qf6 22.Bh4 Qd6 23.Bg3 1/2-1/2

[Event "Russian Championship HL 2015 Female"]
[Site "Kaliningrad"]
[Date "2015.06.24"]
[Round "3.18"]
[White "Khokhlova, Daria"]
[Black "Zherebtsova, Alexandra"]
[Result "1-0"]
[WhiteElo "2160"]
[BlackElo "2213"]
[PlyCount "0"]
[EventDate "2015.06.22"]

1.d4 Nf6 2.c4 Nc6 3.Nf3 e6 4.a3 d6 5.g3 g6 6.Bg2 Bg7 7.O-O O-O
8.Nc3 Re8 9.h3 a5 10.Re1 Nd7 11.e4 e5 12.d5 Ne7 13.Be3 h6 14.Qd2
Kh7 15.Nh4 Nc5 16.Rad1 g5 17.Nf5 Nxf5 18.exf5 Bxf5 19.Bxc5 dxc5
20.g4 Bg6 21.Be4 Ra6 22.Qd3 Qe7 23.Bxg6+ fxg6 24.Ne4 Bf6 25.a4
Rb6 26.b3 Qf7 27.Re3 Qe7 28.Kg2 Ra6 29.Rh1 Rd8 30.Kg3 Qf7 31.Kg2
Qe7 32.Qe2 Qf7 33.Rf3 Qg7 34.Qe3 Be7 35.Nxc5 Bxc5 36.Qxc5 Raa8
37.Re1 Re8 38.Re4 Re7 39.d6 cxd6 40.Qxd6 Ra6 41.Qc5 Rf6 42.Rxe5
Rc7 43.Qe3 Rxf3 44.Kxf3 Qf6+ 45.Kg2 Rf7 46.Re6 Qb2 47.Re7 Qf6
48.Rxf7+ Qxf7 49.Qc5 Qd7 50.Qxa5 Qe7 51.Qb5 b6 52.Qc6 h5 53.gxh5
gxh5 54.c5 bxc5 55.a5 g4 56.hxg4 Qe2 57.Qf3 Qb5 58.Qf7+ Kh8 59.Qxh5+
Kg7 60.Qe5+ Kg6 61.Qe6+ Kg7 62.a6 1-0